000 00581cam a22001934a 4500
001 12081059
005 20250122114407.0
008 000626s2001 ctua j b 001 0 eng
020 _a9780761309659
050 0 0 _aR733
_b.B554 2001
082 0 0 _a615.5
_221
100 1 _aBillitteri, Thomas J.
245 1 0 _aAlternative medicine /
_cThomas J. Billitteri.
260 _aBrookfield, Conn.:
_bTwenty-First Century Books,
_c2001.
300 _a112 p. :
_bill. ;
_c24 cm.
650 0 _aAlternative medicine
_vJuvenile literature.
650 1 _aAlternative medicine.
942 _2lcc
_cBK
_n0
999 _c2778
_d2778